000 00502nam a2200181Ia 4500
999 _c14480
_d14480
003 OSt
005 20201021130158.0
008 190216s9999||||xx |||||||||||||| ||und||
020 _a9780140441185
040 _coclc
082 _a193
_bNIE/T
100 _aNietzsche
_95988
245 0 _aThus Spoke Zarathustra /
_cNietzsche ; R J Hollingdale
260 _bPenguin Books ,
_c2003.
_aLondon:
300 _a342p
650 _aEnglish
942 _cBK
_2ddc
_h193
_iNIE/T
_k193
_mNIE/T